000 00422nam a2200145Ia 4500
008 231129s1996||||xx |||||||||||||| ||spa||
020 _a958-9206-83-2
040 _bspa
082 _a370.98 L411e
100 _aLaví­n H. Sonia
245 0 _aEducación y desarrollo humano en América Latina y el Caribe
260 _c1996
264 _aConvenio Andrés Bello
942 _2ddc
_cBKS
999 _c10013
_d10013